Základní bibliografie zahraničního obchodu
Uložené v:
| Médium: | Kniha |
|---|---|
| Jazyk: | Czech |
| Vydavateľské údaje: |
Praha
Výzkumný ústav pro zahraniční obchod
1982
|
| Edícia: | Publikace ODIS
č. 67 |
| Tagy: |
Žiadne tagy, Buďte prvý, kto otaguje tento záznam!
|
MARC
| LEADER | 00000nam a2200000 4500 | ||
|---|---|---|---|
| 001 | c106571 | ||
| 005 | 20250526073933.0 | ||
| 041 | 0 | |a cze | |
| 044 | |a CZ | ||
| 245 | 1 | 0 | |a Základní bibliografie zahraničního obchodu |
| 264 | 1 | |a Praha |b Výzkumný ústav pro zahraniční obchod |c 1982 | |
| 300 | |a 58 s. | ||
| 490 | 1 | |a Publikace ODIS |v č. 67 | |
| 830 | 0 | |a Publikace ODIS |v č. 67 | |